Регионална библиотека "Любен Каравелов" - Русе

Служанка госпожа (Запис номер 296934)

MARC детайли
000 -Лидер
Контролно поле с фиксирана дължина 01144ncm a2200313 c 4500
003 - Код на организацията, давaща контролен номер
Контролно поле BLK
005 - Дата и час на последна редакция
Контролно поле 20180421003239.0
008 - Елементи от данни с фиксирана дължина
fixed length control field 180414b bul |a|er|||| |0| c|bulo|
010 ## - Наследен системен номер
LC control number NOT00000284000
040 ## - Източник на каталожния запис
Идентификатор на билиотеката - собственик на записа BLK
041 ## - Код за език
Код за езика на текст/звукозапис или на отделно заглавие Руски
Код за езика КДБФ Руски
080 ## - УДК
Текстов определител УДК Комични опери. Опера-буфа
УДК код - определител по УДК 782.7
УДК определител
УДК - код + определител 782.7
100 1# - Редна дума - Автор
Автор Перголези, Джовани Батиста
Авторска отговорност първи автор
R(LIN) 108531
139 ## - Редно поле
Редна дума Перголези, Джовани Батиста
Авторски знак Пер - П 37
245 10 - Сведения за заглавието
Заглавие Служанка госпожа
Подзаглавни данни Интермедия в 2 ч.
Редно поле (дума) Джовани Батиста Перголези; либрето Дженаро Федерико.
246 11 - Различни форми на заглавието
Паралелно заглавие Слугинята господарка
254 ## - Сведения за формата на нотното издание
Формат на описваните ноти Клавир
257 ## - Страна на издаване
Страна на създаване/издаване Русия
260 ## - Област на издателските данни
-- Москва
Име на издателя, разпространителя и проч. Гос. муз. изд. 30420
Година на издаване 1963
300 ## - Физическа характеристика
Страници 115 с
Размери/Мащаб 30 см
380 ## - Жанр
Жанр Изкуство
500 ## - Общи забележки
Забележка Текст на рус. и итал. ез.
700 1# - Други автори (авторска отговорност)
Лично име Федерико, Дженаро
Автороска отговорност (Описва отношението между автора и произведението) либрето
9 (RLIN) 361622
852 ## - Местоположение
Форматна сигнатура Цб М ІІ 2781
Част 0
856 4# - Електронен адрес и достъп
Електронен формат pdf - файл
Път до файла /url/
856 4# - Електронен адрес и достъп
Електронен формат pdf - файл
Път до файла /url/
942 ## - АРТИКУЛИ
Вид на библиотечния материал Нотни издания
Скрит в OPAC Не
944 ## - СЪЗДАВАНЕ И РЕДАКЦИЯ на ЗАПИСА
Създаване/Редакция Създаване
Дата на регистрацията/редакция 14.11.2003
Служител, извършил регистрацията/редакцията
944 ## - СЪЗДАВАНЕ И РЕДАКЦИЯ на ЗАПИСА
Създаване/Редакция Редакция
Дата на регистрацията/редакция 23.11.2004
Служител, извършил регистрацията/редакцията
999 ## - СИСТЕМНИ КОНТРОЛНИ НОМЕРА
Koha biblionumber 296934
Koha biblioitemnumber 296934
Наличности
Код за отписване Код за изгубен артикул Източник на класификационната схема Код за повреда Коз за рестрикции Код за отдаване Артикулен № Име на библиотеката - собственик Име на библиотеката, в която се намира в момента Статус (Текущо местоположение) Дата на вписване в системата Местоположение - отдел Цена в лева Инвентарен номер Систематично азбучна сигнатура Баркод Номер на екземпляра Цена в евро Служебна бележка Служебен тип на артикула
  Не е изгубен Universal Decimal Classification Не е повреден само за читалня ползва се в читалня 647375 Регионална библиотека "Любен Каравелов" Русе Регионална библиотека "Любен Каравелов" Русе Основен фонд - ползва се само за читалня 1963-01-01 Хранилище 1.64 3083/64 Цб М II 2781 900000104420 1 0.84 N: стар фонд Дата: 01.01.1963 Нотни издания
  Не е изгубен Universal Decimal Classification Не е повреден само за читалня ползва се в читалня 647376 Регионална библиотека "Любен Каравелов" Русе Регионална библиотека "Любен Каравелов" Русе Основен фонд - ползва се само за читалня 1963-01-01 Хранилище 1.64 3374/64 Цб М II 2781 900000104421 2 0.84 N: стар фонд Дата: 01.01.1963 Нотни издания
Vip Innovations Ltd, Rousse, Bulgaria 2025